Indovina il Pokémon 1^GEN. - Statistics

Statistiche generali
  • Questo quiz è stato fatto 20 volte
    6 dall'ultimo reset
  • Il punteggio medio è 8 su 13
Statistiche sulle risposte
con Immagini Risposta % Corretto
Mew
83%
Squirtle
83%
Charmeleon
67%
Ditto
67%
Omanyte
67%
Psyduck
67%
Tangela
67%
Dragonite
50%
Eevee
50%
Machoke
50%
Poliwhirl
50%
Vileplume
50%
Dewgong
33%
Nessun quiz corrispondente trovato
Distribuzione punteggi
Percentuale di utenti per punteggio
Percentile per numero di risposta
I tuoi punteggi nel tempo
Non hai fatto questo quiz dall'ultimo reset